Normal view MARC view
  • Ingram T N & Laforge R W

Entry Personal Name

Number of records used in: 1

001 - CONTROL NUMBER

  • control field: 114885

003 - CONTROL NUMBER IDENTIFIER

  • control field: OSt

005 - DATE AND TIME OF LATEST TRANSACTION

  • control field: 20230125044824.0

008 - FIXED-LENGTH DATA ELEMENTS

  • fixed length control field: 230125|| aca||aabn | a|a d

040 ## - CATALOGING SOURCE

  • Original cataloging agency: OSt
  • Transcribing agency: OSt

100 ## - HEADING--PERSONAL NAME

  • Personal name: Ingram T N & Laforge R W

670 ## - SOURCE DATA FOUND

  • Source citation: Work cat.: (OSt)92524: Ingram T N 114884, Sales Management, 2004